MARC details
| 000 -CABECERA |
| campo de control de longitud fija |
00891nam a2200205 a 4500 |
| 001 - NÚMERO DE CONTROL |
| campo de control |
000037440 |
| 005 - FECHA Y HORA DE LA ÚLTIMA TRANSACCIÓN |
| campo de control |
20200930080355.0 |
| 008 - DATOS DE LONGITUD FIJA--INFORMACIÓN GENERAL |
| campo de control de longitud fija |
120418s1984 sp 000 0 spa d |
| 020 ## - NÚMERO INTERNACIONAL ESTÁNDAR DEL LIBRO |
| Número Internacional Estándar del Libro |
8400058313 |
| 040 ## - FUENTE DE LA CATALOGACIÓN |
| Centro catalogador/agencia de origen |
DO-SdBNP |
| Lengua de catalogación |
spa |
| Centro/agencia transcriptor |
BNPHU |
| 100 1# - ENTRADA PRINCIPAL--NOMBRE DE PERSONA |
| Nombre de persona |
Enríquez, Emilia Victoria |
| 9 (RLIN) |
63889 |
| 245 13 - MENCIÓN DE TÍTULO |
| Título |
El pronombre personal sujeto en la lengua española hablada en Madrid / |
| Mención de responsabilidad, etc. |
Victoria Emilia Victoria ; prólogo Antonio Quilis. |
| 260 ## - PUBLICACIÓN, DISTRIBUCIÓN, ETC. |
| Lugar de publicación, distribución, etc. |
Madrid : |
| Nombre del editor, distribuidor, etc. |
Consejo Superior de Investigaciones Científicas : |
| -- |
Instituto "Miguel de Cervantes", |
| Fecha de publicación, distribución, etc. |
1984. |
| 300 ## - DESCRIPCIÓN FÍSICA |
| Extensión |
395 p. ; |
| Dimensiones |
23 cm. |
| 490 1# - MENCIÓN DE SERIE |
| Mención de serie |
La norma linguística culta de la lengua española hablada en Madrid |
| Designación de volumen o secuencia |
4 |
| 500 ## - NOTA GENERAL |
| Nota general |
Incluye notas al pie de las páginas |
| 504 ## - NOTA DE BIBLIOGRAFÍA, ETC. |
| Nota de bibliografía, etc. |
Bibliografía : p. 385-395 |
| 700 1# - PUNTO DE ACCESO ADICIONAL--NOMBRE DE PERSONA |
| Nombre de persona |
Quilis, Antonio |
| Término indicativo de función/relación |
pról. |
| 9 (RLIN) |
28481 |
| 830 #0 - PUNTO DE ACCESO ADICIONAL DE SERIE-TÍTULO UNIFORME |
| Título uniforme |
La norma linguística culta de la lengua española hablada en Madrid |
| Designación de volumen o secuencia |
4 |
| 9 (RLIN) |
63890 |